000 00301nam a2200133Ia 4500
100 _aPaquin/ J.R./ Crowley/R.E
942 _cBK
654 _aDie Design
245 _aDie design fundamentals
260 _bIndustrial Press
_aNEWYORK
_c1962
082 _a621.984
300 _a256
546 _aENGLISH
999 _c22172
_d22172